Zgadnij co łączy tych piłkarzy? - Statystyki

Ogólne statystyki
  • Ten quiz został rozwiązany 90 razy
  • Średni wynik to 10 z 13
Statystyki odpowiedzi
Zawodnicy klub % Poprawnych
Sergio Ramos Xabi Alonso Real
99%
Jakub BłaszczykowskiŁukasz Piszczek Borussia
97%
Paulo DybalaMoise Kean Juventus
88%
Krystian BielikBukayo Saka Arsenal
87%
Achraf Hakimi Renato Sanches PSG
85%
KokeMemphis Depay Atletico
82%
Kai HavertzMateo Kovacic Chelsea
82%
FabinhoSadio Mane Liverpool
81%
Cristiano Ronaldo Otavio AL-Nassr
73%
Hakim ZiyechDonny van de Beek Ajax
71%
Joao CanceloRodri City
68%
Ismael Bennacer Suso Milan
56%
Joshua ZirkzeeMalik Tillman Bayern
53%
Nie znaleziono quizów pasujących do podanych kryteriów
Rozkład punktacji
Procent ludzi z każdym wynikiem
Percentyl według liczby udzielonych odpowiedzi
Twoja historia wyników
Nie rozwiązałeś tego quizu